[Event "IECG CP.2007.P.00063 email"]
[Site "IECG email"]
[Date "2007.10.01"]
[Round "?"]
[White "Theeranvilai, Prasert"]
[Black "Bautista, Miel"]
[Result "1-0"]
[WhiteElo "1500"]
[BlackElo "1009"]
[PlyCount "53"]
[EventDate "2007.10.01"]
[EventType "tourn (corr)"]
[EventRounds "6"]
[SourceTitle "Corr 2024"]
[Source "ChessBase"]
[SourceDate "2023.10.19"]
[SourceVersion "1"]
[SourceVersionDate "2023.10.19"]
[SourceQuality "1"]

1. d4 Nf6 2. Bg5 e6 3. e4 Be7 4. Nd2 0-0 5. Ngf3 b6 6. Bd3 Bb7 7. e5 Nd5 8. Bxe7 Qxe7 9. a3 Nf4 10. Be4 Ba6 11. c4 c6 12. 0-0 f5 13. Bc2 Bb7 14. b4 c5 15. bxc5 bxc5 16. Nb3 cxd4 17. Nbxd4 Nc6 18. Re1 Nxd4 19. Qxd4 Nxg2 20. Kxg2 Qg5+ 21. Kf1 Bxf3 22. Rec1 Rab8 23. Qe3 Qg2+ 24. Ke1 f4 25. Qd4 Bc6 26. Qd2 Qg1+ 27. Ke2 1-0

[Event "IECG CF.2007.0.00086 email"]
[Site "IECG email"]
[Date "2007.01.18"]
[Round "?"]
[White "Bautista, Miel"]
[Black "Szokol, Imre"]
[Result "1/2-1/2"]
[WhiteElo "1028"]
[BlackElo "1169"]
[PlyCount "66"]
[EventDate "2007.01.18"]
[EventType "tourn (corr)"]
[EventRounds "6"]
[SourceTitle "Corr 2011"]
[Source "ChessBase"]
[SourceDate "2010.08.31"]
[SourceVersion "1"]
[SourceVersionDate "2010.08.31"]
[SourceQuality "1"]

1. e4 d6 2. d4 Nf6 3. Nc3 g6 4. Nf3 Bg7 5. Be2 0-0 6. 0-0 Nc6 7. d5 Nb4 8. h3 a5 9. Be3 e5 10. a3 Na6 11. b4 c6 12. Nd2 cxd5 13. exd5 axb4 14. axb4 Bd7 15. Rb1 Nc7 16. Bb6 Nfe8 17. Nb5 Bxb5 18. Bxb5 Qc8 19. Bc4 f5 20. Nf3 e4 21. Nd4 Nf6 22. Bb3 Rf7 23. Ne6 Nb5 24. Ra1 Rxa1 25. Qxa1 Nd7 26. Qa5 Nc3 27. Bc7 Be5 28. Re1 b6 29. Bxb6 Nxb6 30. Qxb6 Rb7 31. Qc6 Qb8 32. Nd8 Re7 33. Ne6 Rb7 1/2-1/2

[Event "IECG CF.2007.0.00086 email"]
[Site "IECG email"]
[Date "2007.01.18"]
[Round "?"]
[White "Lind, Anders"]
[Black "Bautista, Miel"]
[Result "1-0"]
[WhiteElo "1111"]
[BlackElo "1028"]
[PlyCount "77"]
[EventDate "2007.01.18"]
[EventType "tourn (corr)"]
[EventRounds "6"]
[SourceTitle "Corr 2011"]
[Source "ChessBase"]
[SourceDate "2010.08.31"]
[SourceVersion "1"]
[SourceVersionDate "2010.08.31"]
[SourceQuality "1"]

1. e4 c6 2. d4 d5 3. exd5 cxd5 4. c4 Nc6 5. Nc3 Nf6 6. Bg5 Qa5 7. Bxf6 exf6 8. cxd5 Bb4 9. Nge2 Qxd5 10. a3 Bxc3+ 11. bxc3 0-0 12. Qd3 Bf5 13. Qd2 Rfe8 14. f3 Na5 15. Rd1 Nb3 16. Qb2 Qe6 17. g4 Bg6 18. d5 Qb6 19. h4 f5 20. h5 fxg4 21. hxg6 gxf3 22. gxh7+ Kh8 23. Rb1 Rxe2+ 24. Bxe2 Re8 25. Qxb3 Rxe2+ 26. Kd1 Qe3 27. Rb2 Qd3+ 28. Kc1 Qe3+ 29. Kb1 Qe4+ 30. Ka2 f2 31. Rxe2 Qxe2+ 32. Qb2 f1Q 33. Rxf1 Qxf1 34. Qxb7 Qc4+ 35. Kb2 Qe2+ 36. Kb3 Qd1+ 37. Kc4 Qe2+ 38. Kc5 Qe3+ 39. Kd6 1-0

[Event "IECG CF.2007.0.00086 email"]
[Site "IECG email"]
[Date "2007.01.18"]
[Round "?"]
[White "Trevis, Robert R"]
[Black "Bautista, Miel"]
[Result "0-1"]
[WhiteElo "1120"]
[BlackElo "1028"]
[PlyCount "68"]
[EventDate "2007.01.18"]
[EventType "tourn (corr)"]
[EventRounds "6"]
[SourceTitle "Corr 2008"]
[Source "ChessBase"]
[SourceDate "2008.06.24"]
[SourceVersion "1"]
[SourceVersionDate "2008.06.24"]
[SourceQuality "1"]

1. e4 c6 2. Nf3 d5 3. exd5 cxd5 4. d4 Nf6 5. Bd3 g6 6. 0-0 Bg7 7. Bf4 Nc6 8. Nbd2 0-0 9. c3 Bg4 10. Qb3 Bxf3 11. Nxf3 Qd7 12. Rae1 Nh5 13. Bd2 Rfe8 14. Ne5 Nxe5 15. dxe5 a6 16. c4 dxc4 17. Bxc4 Qxd2 18. Bxf7+ Kh8 19. Rd1 Qg5 20. Bxe8 Nf4 21. Qxb7 Rxe8 22. Rfe1 Bxe5 23. Rd7 Rf8 24. Qf3 Bd6 25. Qc3+ Rf6 26. Rd8+ Kg7 27. Qf3 Qa5 28. Qc3 Qxd8 29. Qc4 Qb6 30. Rb1 Nh3+ 31. Kh1 Nxf2+ 32. Kg1 Nh3+ 33. Kh1 Qg1+ 34. Rxg1 Nf2# 0-1

[Event "IECG TE.2005.P.01904 email"]
[Site "IECG email"]
[Date "2005.06.19"]
[Round "?"]
[White "Speisser, Patrick"]
[Black "Bautista, Miel"]
[Result "1-0"]
[WhiteElo "2067"]
[BlackElo "800"]
[PlyCount "21"]
[EventDate "2005.06.19"]
[EventType "tourn (corr)"]
[EventRounds "12"]
[SourceTitle "Corr 2024"]
[Source "ChessBase"]
[SourceDate "2023.10.19"]
[SourceVersion "1"]
[SourceVersionDate "2023.10.19"]
[SourceQuality "1"]

1. d4 d5 2. e4 dxe4 3. Bc4 Nf6 4. Ne2 Bg4 5. c3 e6 6. Qb3 Qc8 7. Ng3 Nbd7 8. Bg5 Be7 9. h3 Bh5 10. Bxf6 Nxf6 11. Nxh5 1-0